Music Quiz

Random Music Quiz

Avril Lavigne - Mobile Lyrics Quiz Stats

 Plays Quiz not verified by Sporcle

Also try: Albums (A-Z)
Challenge
Share
Tweet
Embed
Score 0/212 Timer 10:00
0 Plays Today
% Correct
a
100%
a
100%
a
100%
a
100%
a
100%
a
100%
a
100%
a
100%
a
100%
I
98.2%
I
98.2%
I
98.2%
I
98.2%
I
98.2%
I
98.2%
I
98.2%
I
98.2%
I
98.2%
I
98.2%
I
98.2%
I
98.2%
I
98.2%
mobile
96.5%
mobile
96.5%
mobile
96.5%
mobile
96.5%
mobile
96.5%
mobile
96.5%
mobile
96.5%
mobile
96.5%
mobile
96.5%
I'm
95.6%
I'm
95.6%
I'm
95.6%
I'm
95.6%
I'm
95.6%
I'm
95.6%
I'm
95.6%
I'm
95.6%
I'm
95.6%
go
93%
go
93%
go
93%
go
93%
go
93%
when
91.2%
when
91.2%
when
91.2%
when
91.2%
when
91.2%
to
90.4%
my
90.4%
to
90.4%
my
90.4%
everything
90.4%
my
90.4%
everything
90.4%
my
90.4%
my
90.4%
to
90.4%
to
90.4%
to
90.4%
my
90.4%
my
90.4%
my
90.4%
back
88.6%
all
88.6%
back
88.6%
back
88.6%
all
88.6%
all
88.6%
% Correct
back
88.6%
back
88.6%
all
88.6%
All
88.6%
all
88.6%
this
87.7%
around
87.7%
on
87.7%
on)
87.7%
around
87.7%
around
87.7%
this
87.7%
around
87.7%
on
87.7%
this
87.7%
around
87.7%
around
87.7%
again
86.8%
again
86.8%
say
86.8%
say
86.8%
again
86.8%
turn
86.8%
turn
86.8%
(turn
86.8%
turn
86.8%
out
86.8%
of
86.8%
turn
86.8%
out
86.8%
of
86.8%
the
86.8%
say
86.8%
of
86.8%
turn
86.8%
turn
86.8%
turn
86.8%
out
86.8%
of
86.8%
out
86.8%
of
86.8%
the
86.8%
out
86.8%
out
86.8%
of
86.8%
out
86.8%
of
86.8%
turn
86.8%
out
86.8%
of
86.8%
out
86.8%
of
86.8%
up
85.1%
and
85.1%
It's
85.1%
up
85.1%
up
85.1%
It's
85.1%
and
85.1%
and
85.1%
time
84.2%
time
84.2%
home
83.3%
friends
83.3%
I'll
83.3%
be
83.3%
goodbye
82.5%
can't
82.5%
changing
82.5%
control
82.5%
changing
82.5%
% Correct
control
82.5%
changing
82.5%
control
82.5%
changing
82.5%
changing
82.5%
control
82.5%
changing
82.5%
changing
82.5%
control
82.5%
changing
82.5%
pack
81.6%
Everything's
80.7%
Everything's
80.7%
life
80.7%
Everything's
80.7%
Everything's
80.7%
Everything's
80.7%
Everything's
80.7%
Everything's
80.7%
Everything's
80.7%
leave
79.8%
there
79.8%
now
79.8%
now
79.8%
Went
78.9%
gotta
78.9%
what
75.4%
everywhere
75.4%
everywhere
75.4%
everywhere
75.4%
what
75.4%
what
75.4%
everywhere
75.4%
Everywhere
75.4%
sucks
74.6%
know
73.7%
know
73.7%
know
73.7%
crazy
70.2%
crazy
70.2%
at
69.3%
TV
67.5%
waking
65.8%
waking
65.8%
another
65.8%
guide
65.8%
into
64.9%
instead
63.2%
from
63.2%
I've
62.3%
walk
61.4%
with
61.4%
feelings
61.4%
loud
61.4%
scream
60.5%
ceiling
59.6%
Hanging
58.8%
wanna
58.8%
tried
57.9%
sometimes
57.9%
round
57%
mixed
57%
myself
56.1%
ground
56.1%
Start
54.4%
wild
52.6%
spinning
51.8%
life's
47.4%
stretch
38.6%
vibe
35.1%

You're not logged in!

Compare scores with friends on all Sporcle quizzes.
OR
Log In

You Might Also Like...

Show Comments

Extras

Created May 9, 2015ReportNominate
Tags:avril, Avril Lavigne, lavigne, mobile

Top Quizzes Today


Score Distribution

Your Account Isn't Verified!

In order to create a playlist on Sporcle, you need to verify the email address you used during registration. Go to your Sporcle Settings to finish the process.

Report this User

Report this user for behavior that violates our Community Guidelines.

Details: